NFL by letter - A - Statistics

General Stats
  • This quiz has been taken 35 times
    15 since last reset
  • The average score is 13 of 31
Answer Stats
Hint Answer % Correct
MVP, OPOY, DPOY, OROY, DROY, CPOY, etc. Award
100%
WR infamously known for leaving a game Antonio Brown
86%
Team in the NFC West Arizona Cardinals
86%
One of the two divisions AFC
79%
What the NFL was called 1965> AFL
79%
Team in the NFC South Atlanta Falcons
79%
Arguably the best DT ever Aaron Donald
71%
4x MVP QB Aaron Rodgers
64%
Chargers TE who was a basketball star Antonio Gates
64%
Peyton and Eli's father Archie Manning
64%
2nd most rushing yards in a single season Adrian Peterson
57%
3x pro bowl QB known for coming back after one of the most gruesome injuries ever Alex Smith
57%
Kicker who had multiple SB winning kicks: longest tenrued player ever (23 years) Adam Vinatieri
50%
Best offensive lineman ever Anthony Munoz
43%
4x pro bowl WR recently traded to the Browns for nothing Amari Cooper
36%
3x pro bowl QB nicknamed "Red Rifle" Andy Dalton
36%
4x pro bowl RB who played with Brett Favre Ahman Green
29%
Current WR that has over 10K yards AJ Green
29%
Former All-pro CB who has a son in the NFL Asante Samuel
29%
One of 2 players to win MVP on defense Alan Page
21%
5x pro bowl RB recently arrested on battery charges Alvin Kamara
21%
7x pro bowl WR known for being a hothead Andre Johnson
21%
Him and Larry Fitzgerald at one time were the best receiving duo Anquan Boldin
21%
RB who led the league in Scrimmage TDs last year Austin Ekeler
14%
Packers SS that is very good despite not making a pro bowl Adrian Amos
7%
Other pro bowl CB who has a son (son is a SS) Antoine Winfield
7%
2x pro bowl TE who played for the Falcons during 28-3 Austin Hooper
7%
Falcons DE that had 9.5 sacks the season of 28-3 Adrian Clayborn
0%
Oldest player to appear in a super bowl Andrew Whitworth
0%
Giants OLB that had 8 sacks last year as a rookie Azeez Ojulari
0%
Starting WR on "The Greatest Show on Turf" Az-Zahir Hakim
0%
No matching quizzes found
Score Distribution
Percent of People with Each Score
Percentile by Number Answered
Your Score History
You have not taken this quiz since the last reset